000 00618nam a2200217Ia 4500
003 OSt
005 20230524113909.0
008 210423s2005 xx 000 0 und d
020 _a81-7551-156-7
040 _cAL
041 _aeng
082 _a820.9082 KALF
100 _aKALPANA (R J)
_9112169
245 _aFeminist issues in Indian literature: feminism and the individual
260 _aNew Delhi
_bPrestige Books
_c2005
300 _a232
_bHB
365 _b400
_cINR
650 _aEnglish Criticism
_9112170
906 _afeminism ; Feminist ; Indian ; individual ; issues ; literature:
942 _2ddc
_cBK
999 _c168016
_d168016